LEADER 01360nam 2200373 450 001 000006712 005 20070503173200.0 100 $a20001219d1893----km-y0itay0103----ba 101 0 $aeng 102 $aUS 200 1 $aArt for art's sake$eseven university lectures on the technical beauties of painting$fby John C. Van Dyke 200 1 $a1 $n0002783 210 $aNew York$cScribner's sons$d1893 215 $aXII, 249 p., [24] c. di tav.$cill.$d19 cm. 606 $aPittura$xTecnica 676 $a707$v(20. ed.)$9Educazione, ricerca, soggetti connessi nelle belle arti e arti decorative 700 1$aVan Dyke,$bJohn C.$0439865 801 0$aIT$bUniversità della Basilicata - B.I.A.$gRICA$2unimarc 912 $a000006712 996 $aArt for art's sake$976002 997 $aUNIBAS BAS $aMONLET BAS $aMONOGR BAS $aLETTERE CAT $aGENOVESE$b01$c20001219$lBAS01$h1744 CAT $aTROMBONE$b20$c20001221$lBAS01$h1255 CAT $c20050601$lBAS01$h1753 CAT $abatch$b01$c20050718$lBAS01$h1049 CAT $c20050718$lBAS01$h1108 CAT $c20050718$lBAS01$h1138 CAT $c20050718$lBAS01$h1152 CAT $aBATCH$b00$c20070503$lBAS01$h1732 FMT Z30 -1$lBAS01$LBAS01$mBOOK$1BASA1$APolo Storico-Umanistico$2GEN$BCollezione generale$3FP/4818$64818$5L4818$820001219$f02$FPrestabile Generale LEADER 01019nam a22002531i 4500 001 991001818059707536 005 20031219194114.0 008 040407s1939 it |||||||||||||||||ita 035 $ab12827927-39ule_inst 035 $aARCHE-080754$9ExL 040 $aDip.to Scienze Storiche$bita$cA.t.i. Arché s.c.r.l. Pandora Sicilia s.r.l. 082 04$a750 100 1 $aGabbrielli, Anna Maria$0485359 245 12$aL'Algarotti e la critica d'arte in Italia nel Settecento /$cAnnamaria Gabbrielli 260 $aFirenze :$bSansoni,$c[1939] 300 $a1 v. ;$c24 cm 500 $aEstr. da: La critica d'arte, fasc. 19(1939) 600 14$aAlgarotti, Francesco 907 $a.b12827927$b02-04-14$c16-04-04 912 $a991001818059707536 945 $aLE009 ARTE MISC. F/4 (Fondo Bottari)$g1$iLE009-3544/4$lle009$o-$pE0.00$q-$rn$so $t0$u0$v0$w0$x0$y.i13379550$z16-04-04 996 $aAlgarotti e la critica d'arte in Italia nel Settecento$9296461 997 $aUNISALENTO 998 $ale009$b16-04-04$cm$da $e-$fita$git $h2$i1 LEADER 01072nam 2200349 450 001 9910734370603321 005 20230718114756.0 010 $a9783968219271 035 $a(CKB)5680000000299407 035 $a(NjHacI)995680000000299407 035 $a(EXLCZ)995680000000299407 100 $a20230718d2023 uy 0 101 0 $ager 135 $aur||||||||||| 181 $ctxt$2rdacontent 182 $cc$2rdamedia 183 $acr$2rdacarrier 200 10$aWeltauflo?sungen $eStudien zu instabilen Erza?hlwelten in der deutschen und franzo?sischen Literatur (1945-1965) /$fFlorian Scheru?bl 210 1$aBaden-Baden :$cNomos,$d2023. 215 $a1 Online Ressource 225 1 $aDas Unsichere Wissen in der Literatur$vBand 9 311 $a3-96821-926-0 606 $aGerman literature$y19th century 615 0$aGerman literature 676 $a830.9 700 $aScheru?bl$b Florian$01369246 801 0$bNjHacI 801 1$bNjHacl 906 $aBOOK 912 $a9910734370603321 996 $aWeltauflo?sungen$93395309 997 $aUNINA